Grace under pressure : (Record no. 168451)

MARC details
000 -LEADER
fixed length control field 00617nam a22001817a 4500
005 - DATE AND TIME OF LATEST TRANSACTION
control field 20191009161833.0
010 ## - LCCN (DPL NO)
LC control number ENG-126627
020 ## - INTERNATIONAL STANDARD BOOK NUMBER
International Standard Book Number 9789353286095
Terms of availability 450.00
035 ## - SYSTEM CONTROL NUMBER
System control number EN-110159
037 ## - SOURCE OF ACQUISITION
Source of stock number/acquisition DBAD/PUB
082 ## - DEWEY DECIMAL CLASSIFICATION NUMBER
Classification number 808.51
100 ## - MAIN ENTRY--PERSONAL NAME
Personal name Wentz, Lisa
245 ## - TITLE STATEMENT
Title Grace under pressure :
Statement of responsibility, etc by Ratna and Suhasini Vira
Remainder of title a masterclass in public speaking /
260 ## - PUBLICATION, DISTRIBUTION, ETC. (IMPRINT)
Place of publication, distribution, etc New Delhi
Name of publisher, distributor, etc SAGE Publications
Date of publication, distribution, etc 2019
270 ## - ADDRESS
Address B1/1-1, Mohan Cooperative Industrial Area
City Mathura Road, Post Bag 7
Postal code 110044
Electronic mail address marketing@sagepub.in
300 ## - PHYSICAL DESCRIPTION
Extent xvii,207p.
Dimensions 22cm(pbk)
942 ## - ADDED ENTRY ELEMENTS (KOHA)
Source of classification or shelving scheme Dewey Decimal Classification
Item type English Books
Classification part 808.51
Call number suffix WEN
Holdings
Withdrawn status Lost status Not for loan Collection code Home library Current library Date acquired Source of acquisition Cost, normal purchase price Full call number Barcode Copy number Cost, replacement price Koha item type
      Non-fiction Central Library Central Library 09/10/2019 DBAD/PUB 450.00 808.51 WEN EN-110159 1 450.00 English Books

© Delhi Public Library
Hit Counter
free hit counter